00398nam a2200169Ia 4500008004100000020001800041245003300059245001900092260001500111260001600126260000900142300001600151300002500167300001000192440001800202500000800220170705s9999 xx 000 0 und d a9780439458115 aBeware, Princess Elizabeth / cCarolyn Meyer. aNew York : bScholastic, c2001 a214 pages : bcolor illustration ; c19cm. aYoung Royals. a910